South Bucks DC and another v Porter (No 2) (Record no. 117665)
[ view plain ]
| 000 -LEADER | |
|---|---|
| fixed length control field | 02264cam a2200289 4500 |
| 001 - CONTROL NUMBER | |
| control field | ABS68049 |
| 008 - FIXED-LENGTH DATA ELEMENTS--GENERAL INFORMATION | |
| fixed length control field | 040707n2004 000 0 eng u |
| 035 ## - SYSTEM CONTROL NUMBER | |
| System control number | (Sirsi) u126730 |
| 245 ## - TITLE STATEMENT | |
| Title | South Bucks DC and another v Porter (No 2) |
| 260 ## - PUBLICATION, DISTRIBUTION, ETC. | |
| Date of publication, distribution, etc. | 2004 |
| 490 ## - SERIES STATEMENT | |
| Series statement | Weekly Law Reports |
| Volume/sequential designation | [2004] 1 WLR 1953-1970(18) |
| 520 ## - SUMMARY, ETC. | |
| Summary, etc. | [2004] UKHL 33, 1 July 2004. Appeal by appellant (P) against CA decision ([2003] EWCA Civ 687, [2004] JPL 207) which overturned the HC judgment ([2002] EWHC 2136 (Admin), [2002] All ER (D) 342 (Oct)) dismissing S's application under the Town and Country Planning Act 1990 s288 to quash a decision of the SoS given by his appointed inspector. Prior to the HC determination, the inspector had granted planning permission subject to two special conditions including one personal to P which took into account her status as a gypsy, the unavailability of alternative sites and chronic ill-health as outlined in para 16. The HC upheld the planning permission but the CA allowed S's appeal under the Town and Country Planning Act 1990 s288 on the basis that the decision was "ultra vires" and the inspector had failed to give adequate reasons. P appealed with support of SoS. HL overturned CA decision upholding the HC judgement. The planning inspector's reasons for granting planning permission was clear and ample. (See also Abs66831, Abs65647, Abs66547 and Abs67756). View judgment at www.parliament.the-stationery-office.co.uk. |
| 590 ## - LOCAL NOTE (RLIN) | |
| Local note | ABS |
| 590 ## - LOCAL NOTE (RLIN) | |
| Local note | ABS |
| 590 ## - LOCAL NOTE (RLIN) | |
| Local note | ABS |
| 650 ## - SUBJECT ADDED ENTRY--TOPICAL TERM | |
| Topical term or geographic name entry element | SOUTH BUCKS DC V PORTER |
| 650 ## - SUBJECT ADDED ENTRY--TOPICAL TERM | |
| Topical term or geographic name entry element | PLANNING PERMISSION |
| 650 ## - SUBJECT ADDED ENTRY--TOPICAL TERM | |
| Topical term or geographic name entry element | MATERIAL CHANGE OF CIRCUMSTANCES |
| 650 ## - SUBJECT ADDED ENTRY--TOPICAL TERM | |
| Topical term or geographic name entry element | TOWN AND COUNTRY PLANNING ACT 1990 S288 |
| 650 ## - SUBJECT ADDED ENTRY--TOPICAL TERM | |
| Topical term or geographic name entry element | GYPSIES |
| 650 ## - SUBJECT ADDED ENTRY--TOPICAL TERM | |
| Topical term or geographic name entry element | UNLAWFUL USE |
| 690 ## - LOCAL SUBJECT ADDED ENTRY--TOPICAL TERM (OCLC, RLIN) | |
| Topical term or geographic name as entry element | PLANNING-CASE LAW |
| 856 ## - ELECTRONIC LOCATION AND ACCESS | |
| Uniform Resource Identifier | <a href="https://www.parliament.the-stationery-office.co.uk/pa/ld200304/ldjudgmt/jd040701/south-1.htm">https://www.parliament.the-stationery-office.co.uk/pa/ld200304/ldjudgmt/jd040701/south-1.htm</a> |
| Public note | View judgment on the UK Parliament website... |
| 856 ## - ELECTRONIC LOCATION AND ACCESS | |
| Uniform Resource Identifier | <a href="https://www.parliament.the-stationery-office.co.uk/pa/ld200304/ldjudgmt/jd040701/south-1.htm">https://www.parliament.the-stationery-office.co.uk/pa/ld200304/ldjudgmt/jd040701/south-1.htm</a> |
| Public note | View judgment on the UK Parliament website... |
| 856 ## - ELECTRONIC LOCATION AND ACCESS | |
| Uniform Resource Identifier | <a href="https://www.parliament.the-stationery-office.co.uk/pa/ld200304/ldjudgmt/jd040701/south-1.htm">https://www.parliament.the-stationery-office.co.uk/pa/ld200304/ldjudgmt/jd040701/south-1.htm</a> |
| Public note | View judgment on the UK Parliament website... |
| 942 ## - ADDED ENTRY ELEMENTS (KOHA) | |
| Suppress in OPAC | 0 |
| Withdrawn status | Lost status | Source of classification or shelving scheme | Damaged status | Not for loan | Home library | Current library | Shelving location | Date acquired | Total Checkouts | Full call number | Barcode | Date last seen | Copy number | Price effective from | Koha item type |
|---|---|---|---|---|---|---|---|---|---|---|---|---|---|---|---|
| Dewey Decimal Classification | London | London | Journal article | 07/07/2004 | ABS68049 | 126730-1001 | 06/08/2019 | 1 | 06/08/2019 | Law report | |||||
| Dewey Decimal Classification | Virtual | Virtual | Online | 09/08/2004 | ONLINE PUBLICATION | 126730-3001 | 06/08/2019 | 1 | 06/08/2019 | Law report |